000 00937nam a2200253 a 4500
001 000043774
005 20260420170825.0
008 130410s2004 dr a r 001 0 spa d
040 _aDO-SdBNP
_bspa
_cBNPHU
082 _a301
_bM385n, 2004
100 1 _aMartínez Almanzar, Juan Francisco
_d1950 -
_910459
245 1 0 _aNociones de sociología :
_bintrodución a la ciencia sociales /
_cJuan Francisco Martínez Almanzar.
250 _a8ª ed.
260 _aSanto Domingo :
_bCAIS,
_c2004.
300 _a435 p. :
_bil. ;
_c21 cm.
504 _aBibliografía : p. 433-435.
590 _aInventariado, 2018/VM
650 4 _aSociología
_xManuales
_964735
650 0 _aCiencias sociales
_91065
650 4 _aInvestigaciones
_xMetodología
_937127
650 0 _aJurisprudencia sociológica
_94071
710 1 2 _aCentro de Adiestramiento e Investigación Social (República Dominicana)
_946052
910 _aValidado. control de calidad. MFF
999 _c43263
_d43263